Ensayos de antropología y literatura /

Bewaard in:
Bibliografische gegevens
Hoofdauteur: Lara Martínez, Rafael
Formaat: Onbekend
Taal:Spanish
Gepubliceerd in: San José, Costa Rica : Editorial de la Universidad de Costa Rica, 2004
Editie:1. edición
Onderwerpen:
Tags: Voeg label toe
Geen labels, Wees de eerste die dit record labelt!

MARC

LEADER 000000000a22000000004500
001 009503
020 |a 9977679304 
041 0 |a spa 
082 0 4 |a Es864.44   |b L318e 
100 1 |a Lara Martínez, Rafael 
245 1 0 |a Ensayos de antropología y literatura /   |c Rafael Lara Martínez. 
250 |a 1. edición 
260 1 |a San José, Costa Rica :   |b Editorial de la Universidad de Costa Rica,   |c 2004 
300 |a 74 páginas :   |b ilustraciones 
500 |a Libros de Laboratorio de Etnología 
500 |a La Biblioteca contiene otro ejemplar, con número de inscripción 13978 
650 4 |a LITERATURA SALVADOREÑA 
650 4 |a ENSAYOS 
650 4 |a ANTROPOLOGIA 
999 |c 15739  |d 15739 
942 |c BK  |h Es864.44 L318e  |2 z